00604nam a2200181Ia 4500008004100000020001800041041000800059082001500067100002600082245002200108260002500130300000800155365001600163700002600179906005100205999001900256952014700275230718s9999 xx 000 0 und d a9780007284948 aeng a813.6bWEI aWeisberger L.9117419 aDevil Wears Prada c2008bHarper Collins a391 cRs.b225.00 aWeisberger L.9117419 dO:0083229-Apr-2010B:371429-Mar-2010cGENRLb45 c324862d324862 00104070aCCEPbCCEPd2010-04-29eTbsfGENRLg180.00i3714l0o813.6pCCEP-BK-36069r2023-07-18 00:00:00t45v225.00w2010-03-29yBKz036069